| 000 | 01004 a2200217 4500 | ||
|---|---|---|---|
| 003 | MN-UlNLM | ||
| 005 | 20221004104101.0 | ||
| 008 | a130t2011 mp ||||| |||| 00| 0 mon d | ||
| 020 | _a978-99962-0-330-5 | ||
| 040 | _aМонгол Улсын Үндэсний номын сан | ||
| 084 |
_a82.3(5СоӨ)-6 _2NNA _bС 556 _q82 |
||
| 245 | 0 |
_aСолонгос үндэстний үлгэр домог _cОрч. Д.Эрдэнэсүрэн _cРед. Р.Чүлтэмсүрэн |
|
| 260 | 1 |
_aУБ _bАдмон _c2011 |
|
| 300 | _a173x | ||
| 546 | _aMongolia | ||
| 653 |
_aАрдын аман зохиол, утга зохиол _aҮлгэр, домог |
||
| 740 |
_aХаламжтай хүнд хань дэргэд Хажиг хүнд өстөн дэргэд _aАчилвал тус ирнэ Тус хийвэл ач ирнэ _aИнээвэл залуужна _aЕртөнцийн гайхамшиг _aШунал ихэдвэл шулам болно |
||
| 856 | _aprintbook | ||
| 942 | _cBK | ||
| 999 |
_c70895 _d70895 |
||